NBA Players Last Names Quiz - Statistics

General Stats
  • This quiz has been taken 188 times
  • The average score is 12 of 13
Answer Stats
Clue Answer % Correct
LeBron James
99%
Kyrie Irving
98%
Klay Thompson
98%
Joel Embiid
97%
Dwyane Wade
96%
Damian Lillard
95%
Blake Griffin
94%
DeMar DeRozan
93%
Kevin Durant
89%
Dirk Nowitzki
87%
LaMarcus Aldridge
83%
CJ McCollum
81%
Wardell Curry
76%
No matching quizzes found
Score Distribution
Percent of People with Each Score
Percentile by Number Answered
Your Score History
You have not taken this quiz